000 01442nam a22003617a 4500
003 CHAP
005 20220329143905.0
008 120612s2011 mx r 00010 spa d
010 _a103334
011 _a104306
035 _a114996
040 _cCHAP
090 _aTesis
100 1 _aSoto Hernández, Antonio.
_9108879
245 1 0 _aPlan de exportación de sandía roja sin semilla a Canadá
_h[En línea]
_c/por Antonio Soto Hernández
260 _aChapingo, Méx. :
_bEl autor,
_c2011
500 _aPara ver el contenido del material haga clic en la liga
502 _aTesis (Lic. en Comercio Internacional de Producctos Agropecuarios) -- UACH. División de Ciencias Económicas Administrativas
590 _aALEPH
_b10
_c20130110
_lUCH01
_h1544
590 _aBATCH-UPD
_b10
_c20130110
_lUCH01
_h1938
590 _aBATCH-UPD
_b10
_c20130410
_lUCH01
_h0555
590 _aBATCH-UPD
_b10
_c20130914
_lUCH01
_h2013
590 _aBATCH-UPD
_b10
_c20140324
_lUCH01
_h1530
590 _aBATCH-UPD
_b10
_c20141002
_lUCH01
_h0853
590 _aCONVERSION
_b10
_c20130109
_lUCH01
_h1357
650 0 4 _aSandía
_xExportación.
_9102067
650 0 4 _aSandía
_xMercadeo.
_9102073
856 _3Finding aid
_uhttp://10.13.5.2/tesis/114996.pdf
_zTeclea aqui
901 _aBK
942 _cFOLL
949 _aTesis
_bBC
_cTES
_d33724002321454
_eTS1
_gDonaciØn
_h53427
_i114996
_st
949 _aTesis
_bBC
_cTES
_d33724002321496
_eTS2
_fc.2
_gDonaciØn
_h53428
_i114996
_st
999 _c103334
_d103334